000 01272pab a2200193 454500
008 180718b2000 xxu||||| |||| 00| 0 eng d
100 _aBrewer, Gene A.
245 _aIndividual conceptions of public service motivation
260 _c2000
300 _ap.254-64
362 _aMay-Jun
520 _aMany scholars and practitioners of public administration converge on the belief that some individuals are predisposed to perform public service. James L. Perry (1996) recently clarified the public service motivation (PSM) construct and proposed a measurement scale. The present study builds on and extends this important stream of research by examining how individuals view the motives associated with public service. Specifically, we use on intensive research technique called Q-methodology to examine the motives of 69 individuals. We identify four distinct conceptions of PSM: individuals holding these conceptions are referred to as samaritans, communitarians, patriots, and humanitarians. The practical and theoretical implications of these findings are discussed. - Reproduced
650 _aMotivation
650 _aCivil service
700 _aFacer, Rex L. II.
700 _aSelden, Sally Coleman
773 _aPublic Administration Review
909 _a45220
999 _c45220
_d45220